00199nam a2200073Ia 4500008004100000082000800041100001900049245005700068240331s9999 xx 000 0 und d bTHI aThiruchelvan,N 0aManida urimegal arassa ameyipuwadam panmythuwamu pal